Verifobia

Detalles Bibliográficos
Autor principal: Taruffo, Michele
Otros Autores: Cavallone, Bruno
Formato: eBook
Lenguaje:español
Publicado: Lima: Palestra Editores, 2012
Materias:
Acceso en línea:Acceso restringido

MARC

LEADER 00000nam a22000007a 4500
005 2019082809269.0
007 cr|||| ||||
008 190828s2012 pe |||||s|||| 00||0 spa d
020 |a 978-612-4047-69-5 
035 |a 24224 
040 |a vLex 
090 |c 9300  |d 9300 
100 1 |a Taruffo, Michele 
245 1 0 |a Verifobia  |h [Recurso electrn̤ico] /  |c Michele Taruffo, Bruno Cavallone 
256 |a Servicio en ln̕ea 
260 |a Lima:  |b Palestra Editores,  |c 2012 
300 |a 1 recurso electrn̤ico 
506 1 |a Disponible solo en los productos indicados  |d vLex Global  |d vLex Global (Academic Edition, excluding Law Schools)  |d vLex Global (U.S. Academic Edition, Law Schools)  |d vLex Global (U.S. Academic Edition, excluding Law Schools)  |d vLex Global (Academic Edition, Law Schools) 
650 0 4 |a Procedimiento Civil  |z Per︢ 
700 1 |a Cavallone, Bruno 
740 0 |a vLex Libros (Servicio en ln̕ea) 
856 4 0 |u http://vlex.com/source/verifobia-24224  |z Acceso restringido 
942 |c BOOK 
999 0 |a Civil Procedure